ბათუმის შოთა რუსთაველის სახელმწიფო უნივერსიტეტის ბიბლიოთეკა

Arretine and Samian Pottery / (ბიბ.ჩანაწერი № 60526)

000 -LEADER
fixed length control field 00451nam a22001697a 4500
005 - DATE AND TIME OF LATEST TRANSACTION
control field 20230811151408.0
008 - FIXED-LENGTH DATA ELEMENTS--GENERAL INFORMATION
fixed length control field 230811s1971 enk||||| |||| 00| 0 eng d
020 ## - INTERNATIONAL STANDARD BOOK NUMBER
International Standard Book Number 0714113662
041 ## - LANGUAGE CODE
Language code of text/sound track or separate title eng
080 ## - UNIVERSAL DECIMAL CLASSIFICATION NUMBER
Universal Decimal Classification number 738.2 J-76
100 ## - MAIN ENTRY--PERSONAL NAME
Personal name Johns, Catherine
9 (RLIN) 19666
245 ## - TITLE STATEMENT
Title Arretine and Samian Pottery /
Statement of responsibility, etc. Catherine Johns.
264 ## - PRODUCTION, PUBLICATION, DISTRIBUTION, MANUFACTURE, AND COPYRIGHT NOTICE
Place of production, publication, distribution, manufacture London,
Date of production, publication, distribution, manufacture, or copyright notice 1971.
300 ## - PHYSICAL DESCRIPTION
Extent 50 p.:
Other physical details ill.;
Dimensions 22 cm.
653 ## - INDEX TERM--UNCONTROLLED
keyword კერამიკა
942 ## - ADDED ENTRY ELEMENTS (KOHA)
Source of classification or shelving scheme
Koha item type წიგნი
ეგზემპლარები
Withdrawn status Lost status Source of classification or shelving scheme Damaged status Not for loan Permanent Location Current Location Shelving location Date acquired Cost, normal purchase price Full call number Barcode Date last seen Copy number Uniform Resource Identifier Price effective from Koha item type Public note
          ბათუმის შოთა რუსთაველის სახელმწიფო უნივერსიტეტის მთავარი ბიბლიოთეკა ბათუმის შოთა რუსთაველის სახელმწიფო უნივერსიტეტის მთავარი ბიბლიოთეკა წიგნსაცავი 2023-08-11 8.00 738.2 J-76 65168 2023-08-11 65168 ბსუ-ს საპატიო დოქტორის გურამ ლორთქიფანიძის საჩუქარი 2023-08-11 წიგნი 8 ლ.